Symphonya

Detalles Bibliográficos
Formato: Electrónico Revista
Lenguaje:italiano
Publicado: Milano [i.e. Milan, Italy] : ISTEI Istituto di economia d'impresa
Materias:
Acceso en línea:Full text available from Research Library: 01/01/2010 to present

MARC

LEADER 00000nas a2200000 a 4500
001 ssj0000329240
003 WaSeSS
005 20200512172242.0
006 m d
007 cr n
008 100419d20002004it || p|s||||||||||0ita|d
022 |a 1593-0319 
035 |a (WaSeSS)ssj0000329240 
040 |a WaSeSS  |c WaSeSS  |d WaSeSS 
050 4 |a HF5410 
245 0 0 |a Symphonya  |h [electronic resource]. 
246 1 3 |a Emerging issue in marketing 
260 |a Milano [i.e. Milan, Italy] :  |b ISTEI Istituto di economia d'impresa 
310 |a Semiannual 
362 1 |a Began with No. 1 (2000); ceased with No. 2 (2004). 
500 |a Description based on: No. 1 (2000); title from table of contents page (Casalini Digital Library, viewed Apr. 19, 2010). 
500 |a Latest issue consulted: No. 2 (2004) (viewed Apr. 19, 2010). 
506 |a License restrictions may limit access. 
650 0 |a Marketing  |v Periodicals. 
650 0 |a Management  |v Periodicals. 
655 0 |a Electronic journals. 
776 0 8 |i Also issued in print:  |t Symphonya  |x 1593-0300 
856 4 0 |z Full text available from Research Library: 01/01/2010 to present  |u https://search.proquest.com/publication/1096365